Mirando el abismo : el régimen cerrado /
Investigación desde la mirada de las ciencias sociales sobre el régimen penitenciario español cuyo fin de los investigadores ha sido desvelar qué realidad carcelaria está detrás de la regulación legal, para intervenirla y mejorarla.
Guardado en:
| Autor principal: | |
|---|---|
| Otros autores: | |
| Formato: | Libro |
| Idioma: | Español |
| Publicado: |
Madrid, España :
Universidad Pontificia Comillas : Fundación Santa María,
2002, c2002
|
| Temas: | |
| Etiquetas: |
Sin etiquetas, Sé el primero en etiquetar este registro!
|
MARC
| LEADER | 00000nam^a2200000^a^4500 | ||
|---|---|---|---|
| 001 | 000146592 | ||
| 005 | 20250521000000.0 | ||
| 009 | 20260310095915.479 | ||
| 020 | |a 84-8468-056-8 | ||
| 037 | |a Acervo ITESO - Biblioteca | ||
| 041 | |a ESP | ||
| 082 | |a 365. 60946 |b RIO | ||
| 100 | |a Ríos Martín, Julián Carlos |e (autor) | ||
| 245 | 1 | 0 | |a Mirando el abismo : |b el régimen cerrado / |c J.C. Ríos Martín, P.J. Cabrera Cabrera ; presen. de Antonio del Moral García. |
| 264 | 4 | |a Madrid, España : |b Universidad Pontificia Comillas : |b Fundación Santa María, |c 2002, c2002 | |
| 300 | |a 219 p. | ||
| 336 | |a texto |b txt |2 rdacontenido | ||
| 337 | |a sin mediación |b n |2 rdamedio | ||
| 338 | |a volumen |b nc |2 rdasoporte | ||
| 520 | |a Investigación desde la mirada de las ciencias sociales sobre el régimen penitenciario español cuyo fin de los investigadores ha sido desvelar qué realidad carcelaria está detrás de la regulación legal, para intervenirla y mejorarla. | ||
| 649 | |a XX | ||
| 650 | |a Presos - |z España - |x Condiciones Sociales y Culturales | ||
| 650 | |a Presos - |z España - |x Condiciones Psicológicas | ||
| 650 | |a Prácticas Culturales - |z España | ||
| 650 | |a Cárceles y Centros de Readaptación Social - |x España - |x Aspectos Sociales y Culturales | ||
| 650 | |a Cárceles y Centros de Readaptación Social - |z España - |x Aspectos Jurídicos | ||
| 650 | |a Derecho Penal - |z España | ||
| 650 | |a Criminología - |z España | ||
| 650 | |a Cuestionario | ||
| 650 | |a Metodología Cualitativa | ||
| 650 | |a Metodología | ||
| 650 | |a Ciencias Sociales - |x Investigación | ||
| 700 | |a Cabrera Cabrera, Pedro José |e (autor) | ||
| 910 | |a Fondo General | ||
| 920 | |a Impresos - Libros | ||
| 930 | |a Colección General | ||
| 905 | |a 101 | ||
| 901 | |a 0500076096 |b IT1 |c ACC |u 20250521 | ||
| 902 | |a https://opac.biblio.iteso.mx/vufind/Record/000146592 | ||